01645nam a22001817a 4500008004100000020001500041050001600056100001700072245006100089260004400150300003000194500002000224505106200244650003901306650004901345650005201394700001701446120725t xxu||||| |||| 00| 0 eng d a0471149489 aZ286.E43P14 aPage, Bruce. aWeb publishing with adobe acrobat and PDF. /cBruce Page aToronto:bJohn Wiley & Sons Inc,c1996. axx, 363 p.:bill.;c24cm. aIncludes index. aContents: Accrobat, PDF, and the internet: Why publish with PDF on the web -- Enter accrobat: Raising the standards of online publishing -- Acrobat: Present and future -- When to use HTML, and when to use PDF: Determining the optimal mix for your site -- Designing and creating PDF documents: Planning your web publishing project -- Getting your content together -- Creating PDF documents -- Enhancing your PDF in acrobat exchange -- Special -purpose PDF production tools -- Serving PDF from your web server: Launching PDF files on your web site -- Making your web site searchable -- Securing commercial PDF files from unauthorized access -- Beyound the web: PDF on CD-ROM -- Distributing PDF via lotus notes -- Appendix A: Configuring your web browser to view PDF files -- Appendix B: Navigating PDF documents with reader and exchange -- Appendix C: Searching in reader and exchange -- Appendix D: Installing plugs-ins in accrobat exchange -- Appendix E: Web site URLs for companies and productions mentioned in this book -- Appendix F: About the software. aAcrobat Adobe (Computer program).  aElectronic publishing x Computer programs.  aWorld Wide Web (Information retrieval system).  aHolm, Diana.